Представление документа в формате MARC21

Поле Инд. ПП Название Значение
Тип записи a
Библиографический уровень m
001 Контрольный номер RU/IS/BASE/437650191
005 Дата корректировки 20150513113656.3
040 a Служба первич. каталог. НБ ТвГУ
b Код языка каталог. rus
e Правила каталог. PSBO
041 0_ a Код языка текста rus
080 a Индекс УДК 517.928.7
084 a Индекс другой классификации/Индекс ББК В161.61-11
084 a Индекс другой классификации/Индекс ББК В213.305.2
090 a Полочн. индекс В161.6
x Авторский знак Г 79
100 1_ a Автор Гребеников Евгений Александрович
q Полное имя Гребенников Е. А.
245 00 a Заглавие Метод усреднения в прикладных задачах
260 a Место издания Москва
b Издательство Наука
c Дата издания 1986
300 a Объем 255 с.
440 _0 a Серия Справочная математическая библиотека
504 a Библиография Библиогр.: с. 248-255 (187 назв.)
520 a Аннотация В книге излагается совокупность математических методов , позволяющих исследовать сложные нелинейные колебательные системы, которая получила в литературе название « метод усреднения ».
А втор описывает конструктивную часть этого метода, т. е. конкретную реализацию и соответствующие алгоритмы, на математических моделях, достаточно общих, но построенных на основе конкретных задач. Стиль изложения таков, что читатель, заинтересованный в овладении техникой и алгоритмами асимптотической теории обыкновенных дифференциальных уравнений, сможет после изучения данной книги самостоятельно решать аналогичные задачи.
Д ля специалистов в области прикладной математики и механики.
653 a Ключевые слова Асимптотические методы
a Ключевые слова Дифференциальные уравнения
a Ключевые слова Колебания механических систем
a Ключевые слова Колебательные системы
a Ключевые слова Математика
a Ключевые слова Математический анализ
a Ключевые слова Метод усреднения
a Ключевые слова Механика
a Ключевые слова Нелинейные дифференциальные уравнения
a Ключевые слова Нелинейные колебания
a Ключевые слова Обыкновенные дифференциальные уравнения
a Ключевые слова Прикладная математика
a Ключевые слова Решение дифференциальных уравнений
a Ключевые слова Уравнения с малым параметром
901 t Тип документа m
920 a Оператор Хохл
a Оператор Конд
a Оператор Густ
a Оператор Стро
930 a Новая/Ретро новая
952 c Вид литературы К рн
954 a Дата поступления на обработку 20140203
c Дата окончания ОНО 20140204
b Дата поступления в ОК 20131113